000
00330nam a22001457a 4500
008
230907b ||||| |||| 00| 0 eng d
020
_a
0684142546
041
_a
eng
080
_a
101
082
_a
101CLE
100
_a
44
101
_a
FILO
245
_a
MAXWELL PHYSICIST AND NATURAL PHILOSOPHER
_c
CLERK .J
942
_2
udc
_c
BK
999
_c
60280
_d
60280